| 000 | 00408nam a2200121Ia 4500 | ||
|---|---|---|---|
| 008 | 170224s9999 xx 000 0 und d | ||
| 245 | _aAvoidance orientation and the escalation of negative communication in intimate relationships: Correction to Kuster et al. (2015). | ||
| 260 | _bJournal of Personality and Social Psychology | ||
| 260 | _c2016 | ||
| 300 | _a110:5 | ||
| 500 | _aMay | ||
| 650 | _xPsychology. | ||
| 999 |
_c316320 _d316320 |
||